000 00386nam a22001577a 4500
003 CEME
005 20210628203800.0
008 210316b xxu||||| |||| 00| 0 eng d
040 _c.
082 _a297.09 TAR'N
100 _aNadvi, Shah Moeen-U-Din
_967280
245 _aTareekh-A-Islam
250 _aVOL-2
260 _aISLAMABAD
_bNATIONAL BOOK FOUNDATION
_c1993
942 _cBK
_2ddc
999 _c575097
_d575097